DETECTIVES IN TOGAS (Record no. 5057)
[ view plain ]
| 000 -LEADER | |
|---|---|
| fixed length control field | 00616nam a22001457a 4500 |
| 020 ## - INTERNATIONAL STANDARD BOOK NUMBER | |
| ISBN | 0-590-67446-3 |
| 082 ## - DEWEY DECIMAL CLASSIFICATION NUMBER | |
| Classification number | 823 |
| Item number | WIN/D |
| 100 ## - MAIN ENTRY--AUTHOR NAME | |
| Personal name | WINTERFELD, HENRY |
| 245 ## - TITLE STATEMENT | |
| Title | DETECTIVES IN TOGAS |
| 260 ## - PUBLICATION, DISTRIBUTION, ETC. (IMPRINT) | |
| Place of publication | NEW YORK |
| Name of publisher | SCHOLASTIC |
| Year of publication | 1996 |
| 300 ## - PHYSICAL DESCRIPTION | |
| Number of Pages | 249 |
| 520 ## - SUMMARY, ETC. | |
| Summary, etc | In Detectives in Togas, Rufus is accused of breaking into the schoolroom, tying up his teacher, and painting a slur on the Temple of Minerva. But he didn't do any of those things! Together with his six classmates, Rufus must find out who is really responsible for this vandalism before it's too late. |
| 650 ## - SUBJECT ADDED ENTRY--TOPICAL TERM | |
| Topical Term | NOVEL |
| Geographic subdivision | UNITED STATES |
| 942 ## - ADDED ENTRY ELEMENTS (KOHA) | |
| Koha item type | Books |
| Withdrawn status | Lost status | Collection code | Home library | Current library | Shelving location | Date acquired | Source of acquisition | Full call number | Accession Number | Koha item type |
|---|---|---|---|---|---|---|---|---|---|---|
| Fiction | Main Library | Main Library | SHELF 15B-U,V,W SECTION NOVELS& FICTION | 12/09/2012 | purchase | 823 WIN/D | 05658 | Books |